Science Quiz

Random Science or Biology Quiz

Dinosaurs Beginning With... Quiz Stats

 Plays Quiz Updated Mar 12, 2017

Support Sporcle.
Go Orange.
Score 0/10 Timer 02:00
0 Plays Today
% Correct
Tyrannosaurus
91.5%
Triceratops
86.1%
Brachiosaurus
85.3%
Stegosaurus
83.1%
Iguanodon
80.4%
Allosaurus
72.6%
Spinosaurus
68.1%
Ankylosaurus
64.9%
Velociraptor
64.4%
Compsognathus
53.7%

You're not logged in!

Compare scores with friends on all Sporcle quizzes.
OR
Log In
Forgot?

From the Vault

16 Little Mythology Pictograms

by bhenderson79

Hopefully you get the picture.
Remove Ads.
Support Sporcle.
Get the best of Sporcle when you Go Orange. This ad-free experience offers more features, more stats, and more fun while also helping to support Sporcle. Thank you for becoming a member.

Show Comments

Extras

Top Quizzes Today


Score Distribution

Your Account Isn't Verified!

In order to create a playlist on Sporcle, you need to verify the email address you used during registration. Go to your Sporcle Settings to finish the process.

Report this User

Report this user for behavior that violates our Community Guidelines.

Details: